<?xml version="1.0" encoding="UTF-8"?>
<record
    xmlns:xsi="http://www.w3.org/2001/XMLSchema-instance"
    xsi:schemaLocation="http://www.loc.gov/MARC21/slim http://www.loc.gov/standards/marcxml/schema/MARC21slim.xsd"
    xmlns="http://www.loc.gov/MARC21/slim">

  <leader>01443cam a2200325 a 4500</leader>
  <controlfield tag="001">15712435</controlfield>
  <controlfield tag="003">OSt</controlfield>
  <controlfield tag="005">20220407142017.0</controlfield>
  <controlfield tag="008">090424s2009    enka          000 0 eng  </controlfield>
  <datafield tag="010" ind1=" " ind2=" ">
    <subfield code="a">  2009016483</subfield>
  </datafield>
  <datafield tag="020" ind1=" " ind2=" ">
    <subfield code="a">9780367376376</subfield>
  </datafield>
  <datafield tag="035" ind1=" " ind2=" ">
    <subfield code="a">(OCoLC)ocn319321277</subfield>
  </datafield>
  <datafield tag="040" ind1=" " ind2=" ">
    <subfield code="a">DLC</subfield>
    <subfield code="c">DLC</subfield>
    <subfield code="d">BTCTA</subfield>
    <subfield code="d">BWKUK</subfield>
    <subfield code="d">BWK</subfield>
    <subfield code="d">YDXCP</subfield>
    <subfield code="d">DLC</subfield>
  </datafield>
  <datafield tag="050" ind1="0" ind2="0">
    <subfield code="a">HF5549.5.T33</subfield>
    <subfield code="b">B673 2009</subfield>
  </datafield>
  <datafield tag="082" ind1="0" ind2="0">
    <subfield code="a">658.3044</subfield>
    <subfield code="2">1</subfield>
    <subfield code="b">BORA</subfield>
  </datafield>
  <datafield tag="100" ind1="1" ind2=" ">
    <subfield code="a">Boroughs, Allan.</subfield>
    <subfield code="9">28270</subfield>
  </datafield>
  <datafield tag="245" ind1="1" ind2="0">
    <subfield code="a">Using technology to create value :</subfield>
    <subfield code="b">designing the tools for the new HR function /</subfield>
    <subfield code="c">By Allan Boroughs and Cat Rickard.</subfield>
  </datafield>
  <datafield tag="250" ind1=" " ind2=" ">
    <subfield code="a">1st ed.</subfield>
  </datafield>
  <datafield tag="260" ind1=" " ind2=" ">
    <subfield code="a">Burlington , </subfield>
    <subfield code="b">Gower ,</subfield>
    <subfield code="c">2009.</subfield>
  </datafield>
  <datafield tag="300" ind1=" " ind2=" ">
    <subfield code="a">xiv, 119 p. :</subfield>
    <subfield code="b">ill. ;</subfield>
    <subfield code="c">22.5  cm.</subfield>
  </datafield>
  <datafield tag="490" ind1="0" ind2=" ">
    <subfield code="a">The Gower HR transformation series</subfield>
  </datafield>
  <datafield tag="505" ind1="0" ind2=" ">
    <subfield code="a">HR roles and their technology needs -- Defining what you really need -- Making the case for technology -- Selecting the right vendor -- Designing and implementing the service -- Top 10 tips for success.</subfield>
  </datafield>
  <datafield tag="650" ind1=" " ind2="0">
    <subfield code="a">Personnel management</subfield>
    <subfield code="x">Technological innovations.</subfield>
    <subfield code="9">28271</subfield>
  </datafield>
  <datafield tag="650" ind1=" " ind2="0">
    <subfield code="a">Management information systems.</subfield>
    <subfield code="9">28272</subfield>
  </datafield>
  <datafield tag="650" ind1=" " ind2="0">
    <subfield code="a">Selecting the Right Vendor</subfield>
    <subfield code="9">28273</subfield>
  </datafield>
  <datafield tag="700" ind1="1" ind2=" ">
    <subfield code="a">Rickard, Cat.</subfield>
    <subfield code="9">28274</subfield>
  </datafield>
  <datafield tag="906" ind1=" " ind2=" ">
    <subfield code="a">7</subfield>
    <subfield code="b">cbc</subfield>
    <subfield code="c">orignew</subfield>
    <subfield code="d">1</subfield>
    <subfield code="e">ecip</subfield>
    <subfield code="f">20</subfield>
    <subfield code="g">y-gencatlg</subfield>
  </datafield>
  <datafield tag="942" ind1=" " ind2=" ">
    <subfield code="2">ddc</subfield>
    <subfield code="c">BK</subfield>
    <subfield code="e">1st</subfield>
    <subfield code="k">658.3044 BORA</subfield>
  </datafield>
  <datafield tag="999" ind1=" " ind2=" ">
    <subfield code="c">222252</subfield>
    <subfield code="d">222252</subfield>
  </datafield>
  <datafield tag="952" ind1=" " ind2=" ">
    <subfield code="0">0</subfield>
    <subfield code="1">0</subfield>
    <subfield code="2">ddc</subfield>
    <subfield code="4">0</subfield>
    <subfield code="7">0</subfield>
    <subfield code="8">MBA</subfield>
    <subfield code="a">AIMIT</subfield>
    <subfield code="b">AIMIT</subfield>
    <subfield code="d">2022-03-24</subfield>
    <subfield code="e">Biblios Book Point</subfield>
    <subfield code="g">595.00</subfield>
    <subfield code="i">Bill no:6621; Bill dt:2022-03-22</subfield>
    <subfield code="l">0</subfield>
    <subfield code="o">658.3044 BORA</subfield>
    <subfield code="p">MBA14387</subfield>
    <subfield code="r">2025-07-21 00:00:00</subfield>
    <subfield code="v">476.00</subfield>
    <subfield code="w">2022-04-07</subfield>
    <subfield code="y">BK</subfield>
  </datafield>
</record>
